Statistics for Movies of 2019

Click here to take the quiz!

General Stats

  • This quiz has been taken 13 times
  • The average score is 11 of 35

Answer Stats

StarMovie% Correct
Joaquin PhoenixJoker
71%
Tom HollandSpider-Man: Far From Home
71%
Robert Downey Jr.Avengers: Endgame
57%
Brad PittOnce Upon a Time... In Hollywood
57%
Will SmithAladdin
43%
Brie LarsonCaptain Marvel
43%
Dwayne JohnsonFast & Furious Presents: Hobbs & Shaw
43%
Idina MenzelFrozen II
43%
Will SmithGemini Man
43%
Keanu ReevesJohn Wick: Chapter 3 - Parabellum
43%
Chris HemsworthMen in Black: International
43%
Daisy RidleyStar Wars: Episode IX - The Rise of Skywalker
43%
Tom HanksToy Story 4
43%
George MacKay1917
29%
McKenna GraceAnnabelle Comes Home
29%
Millie Bobby BrownGodzilla: King of the Monsters
29%
Jessica ChastainIt Chapter Two
29%
Dwayne JohnsonJumanji: The Next Level
29%
Angelina JolieMaleficent: Mistress of Evil
29%
Taron EgertonRocketman
29%
Zachary LeviShazam!
29%
Arnold SchwarzeneggerTerminator: Dark Fate
29%
Donald GloverThe Lion King
29%
Sophie TurnerX-Men: Dark Phoenix
29%
Himesh PatelYesterday
29%
Rosa SalazarAlita: Battle Angel
14%
Gerard ButlerAngel Has Fallen
14%
Maggie SmithDownton Abbey
14%
Eva GreenDumbo
14%
Jay BaruchelHow to Train Your Dragon: The Hidden World
14%
Ryan ReynoldsPokémon Detective Pikachu
14%
Chris PrattThe LEGO Movie 2: The Second Part
14%
Patton OswaltThe Secret Life of Pets 2
14%
Oscar IsaacThe Addams Family
0%
Gaten MatarazzoThe Angry Birds Movie 2
0%

Score Distribution

Percentile by Number Answered

Percent of People with Each Score

Your Score History

You have not taken this quiz